1435 1181 1908 1353 1215 1727 1522 1367 1303 1601 1343 1281 1887 1438 1992 1528 1195 1710 1357 1828 1167 1874 1947 1710 1623 1357 1083 1510 1924 1182 1298 1342 1421 1597 1116 1350 1979 1974 1464 1174 1995 1052 1171 1047 1510 1009 1941 1301 1404 1139 1322 1804 1713 1225 1460 1263 1932 1532 1878 1197 1809 1195 1558 1111 1395 1482 1740 1016 1062 1629 1642 1977 1207 1677 1087 1472 1080 1646 1164 1600 1006 1275 1367 1198 1535 1952 1719 1751 1437 1011 1301 1421 1151 1018 1823 1876 1700 1576 1443 BCNSPRNW ULIB Ver.6.0+V

เปลี่ยนเป็นภาษาไทย

Change to English
 แสดงรายละเอียดบรรณานุกรม
  กลับหน้าหลัก

Brief Record : Get Marc (ISO 2709) : E-mail record : QR code < ปิดหน้าต่าง
LEADER : 00000nam 2200000uu 4500
001    13399122132
003     ULIB
008    130102s2552||||th 000 0 tha d
020    9786119007185
099    นว.ท443พ
100 0  ทิตภากร
245 00 พยัคฆ์สาวเจ้าหัวใจชีค^cทิตภากร
260    ^bภัทรโยธิน อักษรศาสตร์^c2552
945    ^p249^l0^i028090
999    ^aกัณชพร
รายการนี้ยังไม่มีแท็ก
คุณยังไม่ได้ล็อกอิน คุณสามารถมีกิจกรรมร่วมกับเว็บไซต์ได้ แต่ต้องล็อกอินก่อน ::
  ล็อกอิน

รายการสื่อสารสนเทศ

ลำดับที่ ประเภท เลขเรียก/บาร์โค้ด สถานที่ สถานะ
1. นวนิยาย
นวนิยาย
นว.ท443พ  
  Barcode: 028090
ห้องสมุดวิทยาเขตสวรรค์ประชารักษ์
►นวนิยาย
บนชั้น
  ขอยืม

BibComment


ยังไม่เคยถูกคอมเมนท์

คอมเมนท์ทรัพยากรรายการนี้
  คอมเมนท์: พยัคฆ์สาวเจ้าหัวใ..


 Copyright 2026. Bcnsprnw @Library